Statistics for SZA - Forgiveless (ft. Ol' Dirty Bastard) All Lyrics

Click here to take the quiz!

General Stats

  • This quiz has been taken 7 times
  • The average score is 212 of 312

Answer Stats

Answer% Correct
a
100%
D
100%
G-
100%
I
100%
I'm
100%
n****rettes
100%
n****s
100%
O-
100%
Or
100%
original
100%
the
100%
around
86%
Back
86%
back
86%
Better
86%
'bout
86%
care
86%
consequences,
86%
da-da-da-...
86%
don't
86%
for
86%
go,
86%
go
86%
in
86%
is
86%
ladies
86%
lick
86%
Makin'
86%
me
86%
me,
86%
mind
86%
my
86%
n****
86%
no
86%
special
86%
specialty
86%
that
86%
to
86%
want
86%
watch
86%
what
86%
when
86%
When
86%
Yo,
86%
yo,
86%
Yo
86%
you
86%
You
86%
young
86%
Yo, yo, yo
86%
about
71%
ain't
71%
all
71%
All
71%
and
71%
anymore
71%
before
71%
bitch
71%
Call
71%
dark
71%
end
71%
enemies,
71%
forget
71%
forgive
71%
get
71%
gon'
71%
how
71%
it,
71%
It
71%
it
71%
it's
71%
It's
71%
kid,
71%
kill
71%
kin
71%
love
71%
not
71%
Not
71%
ol'
71%
old
71%
pushin'
71%
scream
71%
she
71%
that's
71%
though
71%
thought
71%
told
71%
won't
71%
your
71%
average
57%
Baby,
57%
baby,
57%
bridges,
57%
burnin'
57%
can't
57%
competition,
57%
couple
57%
forth
57%
funky
57%
genie,
57%
girls
57%
Got
57%
hug
57%
killed
57%
might
57%
music,
57%
none
57%
of
57%
out
57%
outside
57%
second
57%
shoutout,
57%
think
57%
three
57%
why
57%
wig
57%
with
57%
business
43%
dish
43%
East
43%
fiddle,
43%
fuck
43%
give
43%
Give
43%
goes
43%
hard,
43%
if
43%
know
43%
loud
43%
North
43%
profound
43%
race,
43%
rosaries
43%
shit
43%
sorcery,
43%
South
43%
spells
43%
stop
43%
take
43%
they
43%
too
43%
watchin',
43%
West
43%
yourself
43%
boogie
29%
center
29%
coast,
29%
coast
29%
disco
29%
dork
29%
peace
29%
prefer,
29%
rap
29%
stereotyped
29%
this
29%
This
29%
type
29%
wanna
29%
who's
29%
wishes
29%
colors,
14%
creed
14%
duck
14%
duck,
14%
flow
14%
hip-hop
14%
hype
14%
need
14%
nights
14%
nobody
14%
whisper
14%
angels
0%
Ason,
0%
Gotta
0%
help,
0%
mad
0%
old
0%
rugged
0%
sayin'
0%
strictly
0%
Suppose
0%
surround
0%

Score Distribution

Percentile by Number Answered

Percent of People with Each Score

Your Score History

You have not taken this quiz